00826cam a2200217 a 450000100100000000500170001000800410002702000150006804000180008308200200010110000370012124500520015826000750021030000210028558600650030665000320037165000330040391000340043695201230047099900150059300000808120200929154426.0990505s1998 ec 001 j spa  a9978620982 aDO-SdBNPcDLC aEc863.44bL579r1 aLeón Mancheno, Vinicio.92198514aLos relojes blandos /cVinicio León Mancheno. aEcuador :bCasa de la Cultura Ecuatoriana "Benjamin Carrión",c1998. a169 p. ;c21 cm. aPremio IV Bienal del Cuento Ecuatoriano Pablo Palacios, 1997 4aCuentos ecuatorianos917829 4aLiteratura ecuatoriana93938 aCatalogación por copia / LC 001052708MOaGRbGRcCTd2009-09-14iLF1l0oEc863.44 L579rp8081-10r2020-06-25w2020-06-25y2ZPréstamo interno c7858d7858